LEADER 00787nam0 2200241 450 001 000029490 005 20120125084940.0 100 $a20111124d1892----km-y0itaa50------ba 101 0 $aeng 102 $aUS 200 1 $aCelebrity$fby Thomas Thompson 210 $aGarden City, New York$cDoubleday$d1892 215 $a565 p.$d22 cm. 700 1$aThompson,$bThomas$0445548 801 0$aIT$bUniversità della Basilicata - B.I.A.$gRICA$2unimarc 912 $a000029490 996 $aCelebrity$992745 997 $aUNIBAS BAS $aLETTERE CAT $aSTD073$b00$c20111124$lBAS01$h1003 CAT $aMDL$b30$c20120125$lBAS01$h0849 FMT Z30 -1$lBAS01$LBAS01$mBOOK$1BASA1$APolo Storico-Umanistico$2FAA$BFondo anglo-americano$3FM/4693$64693$5L4693$820111124$f04$FPrestabile Didattica LEADER 00922nam0 2200265 450 001 000029065 005 20111028095714.0 100 $a20111018d1940----km-y0itaa50------ba 101 0 $aeng 102 $aUS 200 1 $a<> scrapbook$fof Katherine Mansfield$gedited by J. Middleton Murry 210 $aNew York$c<> Knopf$d1940 215 $aVIII, 279 p.$d23 cm. 700 1$aMansfield,$bKatherine$0166565 702 1$aMurry,$bJohn Middleton 801 0$aIT$bUniversità della Basilicata - B.I.A.$gRICA$2unimarc 912 $a000029065 996 $aScrapbook$953970 997 $aUNIBAS BAS $aLETTERE CAT $aSTD076$b01$c20111018$lBAS01$h1201 CAT $aTTM$b30$c20111026$lBAS01$h1421 CAT $aTTM$b30$c20111028$lBAS01$h0957 FMT Z30 -1$lBAS01$LBAS01$mBOOK$1BASA1$APolo Storico-Umanistico$2FAA$BFondo anglo-americano$3FM/3764$63764$5L3764$820111026$f04$FPrestabile Didattica